| 000 | 00433nam a2200145Ia 4500 | ||
|---|---|---|---|
| 008 | 220216s9999 xx 000 0 und d | ||
| 100 | _aYeang H Y | ||
| 245 | 0 | _aLow fruit-set from Hevea hand pollination : Fruit load and propensity of floral shoots to fruit-bearing | |
| 260 |
_bJournal of Natural Rubber Research _c1988 |
||
| 300 | _a143-154 | ||
| 650 | _aHand pollination | ||
| 650 | _aHevea | ||
| 700 | _aOng S H | ||
| 942 | _cJS | ||
| 999 |
_c62306 _d62306 |
||